000 01718cam a22004574i 4500
003 PE-LiUPU
005 20250731173015.0
008 150623s r 000 0 d
020 _a1573120995
035 _a(Sirsi) i9781573120999
040 _aPE-LiUPU
_bspa
_cPE-LiUPU
_erda
049 _aPRUA
082 0 4 _a232.904
_bJ72
_221
100 1 _aJones, Stephen D.,
_eautor.
245 1 0 _aRabbi Jesus :
_blearning from the master teacher /
_cStephen D. Jones.
264 1 _aMacon, Georgia :
_bPeake Road,
_c1997.
300 _a87 páginas ;
_c23 centímetros
336 _atext
_2rdacontent
337 _aunmediated
_2rdamedia
338 _avolume
_2rdacarrier
504 _aIncluye bibliografía.
505 0 _aCall me teacher and Lord. -Jesus as first-century Rabbi. -Jesus as charsimatic teacher. -Jesus as subversive sage. -Jesus as transforming teacher. -Jesus as lover of questions. -Jesus as risen Rabbi. -The teacher is here and is calling for you. -They had been with Jesus. -You say a teacher he can be.
526 _aSEG42
526 _aSEG41
526 _aSEG40
526 _aSEG39
526 _aP94
526 _aP87
526 _aP86
526 _aP85
526 _aP77
526 _aP76
526 _aP35
600 1 _aJesucristo
_xMétodos de enseñanza
942 _2ddc
_cBOOK
949 _a232.904 J72
_wDEWEY
_c1
_i47286
_lCCODEBUL1
_mBUL
_r0
_sY
_tBOOK
_u2015-6-24
_xTEOLOGIA
_PP35
_0COMPRA
_o.STAFF. Colección General
994 _aC0
_bPEPRU
596 _a1
999 _a232.904 J72
_wDEWEY
_c23832
_i47286
_f2021-11-10
_g5
_lCCODEBUL1
_mBUL
_r0
_sY
_tBOOK
_u2015-6-24
_xTEOLOGIA
_PP35
_0COMPRA
_o.STAFF. Colección General
_d23832
980 _81
_gALBERTO SANCHEZ Responsable de Automatización